Beneš jako Rakušan

Bibliographic Details
Main Author: Gruša, Jiří, 1938-2011 (Author)
Other Authors: Jeřábek, Mojmír (Translator)
Format: Book
Language:Czech
German
PhysicalDescription:148 s. 21 cm
Published: Brno Barrister & Principal 2011
ISBN:9788087474129
Edition:Vyd. 1.
Subjects:

MARC

LEADER 00000cam a2200000 a 4500
001 vtls010278588
003 SK-MaSNL
005 20260301031744.0
008 180809s2011 xr b 001 ebcze
015 |a SNBZSA2012-00517 
020 |a 9788087474129  |q (viaz.) 
035 |a D857371A-8CEA-4506-8165-3B13C6B41E46 
035 |a urn:nbn:sk:snk-amjhui 
035 |a urn:nbn:sk:snk-am001z17 
040 |a SNK  |b slo  |c SNK  |e AACR2 
041 1 |a cze  |h ger 
043 |a e-cs--- 
044 |a xr  |c CZ 
072 7 |a 32  |x Politika  |2 konspekt 
072 7 |a 929  |x Biografie  |2 konspekt 
080 |a 32-051  |x (437)  |2 2001 
080 |a 929  |2 2001 
080 |a 32:316.644  |2 2001 
080 |a 327  |2 2001 
080 |a 328/329  |2 2001 
080 |a (437)  |2 2001 
080 |a (0:82-4)  |2 2001 
080 |a (0:82-311.6)  |2 2001 
080 |a (092)  |2 2001 
100 1 |a Gruša, Jiří,  |d 1938-2011  |4 aut  |9 138405 
245 1 0 |a Beneš jako Rakušan  |c Jiří Gruša ; [překlad z němčiny Jiří Gruša a Mojmír Jeřábek] 
250 |a Vyd. 1. 
260 |a Brno  |b Barrister & Principal  |c 2011 
300 |a 148 s.  |c 21 cm 
504 |a Bibliografia s. 139-143. Bibliogr. odkazy. Reg. 
600 1 7 |a Beneš, Edvard,  |d 1884-1948  |2 SNKMA  |9 110633 
650 0 7 |a prezidenti  |z Česko-Slovensko  |2 SNKPH  |9 311600 
650 0 7 |a politické názory a postoje  |2 SNKPH  |9 4305 
650 0 7 |a zahraničná politika  |z Česko-Slovensko  |2 SNKPH  |9 319301 
651 7 |a Československo  |x politika a vláda  |2 SNKPH  |9 236320 
655 7 |a eseje  |2 SNKPH  |9 57030 
655 7 |a politické romány  |2 SNKPH  |9 70728 
655 7 |a biografie  |2 SNKPH  |9 27965 
700 1 |a Jeřábek, Mojmír  |4 trl  |9 327790 
919 |a 978-80-87474-12-9 
958 |a ZS 
958 |a BX 
958 |a CZ 
958 |a OND 
999 |c 577262  |d 579192 
952 |a SNK  |b SNK  |y PREZ  |7 0  |p 17A0707494  |o snkSC 146116  |i snk2011/15349  |8 4  |g 8.21  |0 0  |1 0  |4 0  |d 2011-06-29  |l 0  |r 2025-07-15 00:00:00  |w 2026-02-23 
952 |a SNK  |b SNK  |y VYP  |7 0  |p 17A1055136  |o snkSC 146116 D1  |i snk2012/21438  |8 4  |g 9.10  |0 0  |1 0  |4 0  |d 2012-10-09  |f 1  |l 0  |r 2026-02-23 14:37:46  |w 2026-02-23